Taylor Swift - Récompenses - Statistiques

Statistiques générales
  • Ce quiz a été pris 31 fois
  • Le résultat moyen est 21 sur 35
Statistiques - réponses
Réponse % Correct
Musique ADG Excellence in Production Design Awards 1
92%
Musique Academy of Country Music Awards 8
92%
Musique American Country Awards 4
83%
Musique AMFT Awards 4
79%
Musique Grammy Awards 12
67%
Musique NRJ Music Awards 2
67%
Musique Billboard Women in Music 3
63%
Musique Nashville Songwriters Association International (NSAI) Award 9
63%
Musique Apple Music Awards 1
58%
Musique ARIA Music Awards 1
58%
Musique BBC Music Awards 1
58%
Musique BBC Radio 1 1
58%
Musique Brit Awards 1
58%
Musique Channel V Thailand Music Video Awards 1
58%
Musique CMT Online Awards 1
58%
Musique Country Music Awards of Australia 1
58%
Musique MuchMusic Video Awards 1
58%
Musique Young Hollywood Awards 1
58%
Musique MTV Europe Music Awards 11
58%
Musique Country Music Association Awards 12
58%
Musique People's Choice Awards 12
58%
Musique BMI London Awards 3
58%
Musique CMC Music Awards 3
58%
Musique Billboard Live Music Award 4
58%
Musique Canadian Country Music Association Awards 5
58%
Musique CMT Music Awards 6
58%
Musique MTV Video Music Awards 7
58%
Musique Teen Choice Awards 7
58%
Musique iHeartRadio Music Awards 11
54%
Musique Billboard Music Awards 22
54%
Musique BMI Pop Awards 29
54%
Musique BMI Country Awards 24
50%
Musique American Music Awards 38
50%
Autre Time Magazine Personnalité de l'année
13%
Musique Total 603
8%
Aucun quiz correspondant
Distribution des résultats
% des personnes avec chaque résultat
Percentile par nombre de réponses
Votre historique - résultats
Vous n’avez pas pris ce quiz